000 00472cam a2200193ua 4500
020 _c12.00
041 _aeng
_h
082 _a635
_bWOR/VE
100 _aWork, Paul .
245 _aVegetable production and marketing /
_cPaul Work.
_hTextual Documents
250 _a2 /
_b.
260 _aNew Delhi :
_bWiley Eastern Ltd ,
_c1970.
300 _a537 ; .
365 _a12.00
504 _a
700 1 _aCarew , John`` .
942 _cBK
999 _c8783
_d8783